| 000 | 00949cab a2200217 4500 | ||
|---|---|---|---|
| 001 | ##L136726 | ||
| 008 | 070219n2007 000 0 eng u | ||
| 035 | _a(Sirsi) u136726 | ||
| 041 | 0 | _aeng | |
| 100 | 1 | _aGale, Tony | |
| 245 | 0 | 0 |
_aLead times _bOct-Dec 2006 |
| 260 | _c2007 | ||
| 490 | 0 |
_aBuilding _v272(8467) 16 February 2007, 68-71(4) |
|
| 520 | _aGives details of lead times for various products, including piling, concrete works, structural steel frames, precast concrete frames, cladding and roofing. The quarter to December 2006 has seen a steady increase in demand, although overall lead times have stayed the same or reduced, with the exception of curtain walling and suspended ceilings. A separate article examines archaelogical digs on construction sites. | ||
| 590 | _aKA | ||
| 651 | 4 |
_aUnited Kingdom _y |
|
| 690 | _aBUILT ENVIRONMENT-BUILDING ELEMENTS | ||
| 700 | 1 | _aMalcolm, Gordon | |
| 700 | 1 | _aBarker, Paul | |
| 942 | _n0 | ||
| 999 |
_c78418 _d78418 |
||